| 000 | 01423nam a22003977a 4500 | ||
|---|---|---|---|
| 001 | 0003107 | ||
| 003 | KOHA_MİRAKIL | ||
| 005 | 20260207001327.0 | ||
| 007 | ta | ||
| 008 | 100705b1994 tu a|||gr||||#||||1|tur | | ||
| 020 |
_a9754924465 _cTL0,01 |
||
| 040 |
_aTR-BiSEU _btur _cTR-BiSEU _erda |
||
| 041 | 0 | _atur | |
| 044 | _ctu | ||
| 050 |
_aP93.55 _b.M37 1994 |
||
| 100 | 1 | _aMcQual, Denis. | |
| 240 | 1 | 0 |
_aCommunication models for the study of mass communications _lTürkçe |
| 245 | 1 |
_aİletişim modelleri : _bkitle iletişim çalışmaları için = _bCommunication models for the study of mass communications/ _cDenis McQual ; Sven Windahl; editör Banu Dağtaş, Uğur Demiray. |
|
| 264 | 1 |
_aEskişehir : _bAnadolu Üniversitesi _c1994 |
|
| 300 | _a163 sayfa: grafik, resimli | ||
| 336 |
_ametin _btxt _2rdacontent |
||
| 337 |
_aaracısız _bn _2rdamedia |
||
| 338 |
_acilt _bnc _2rdacarrier |
||
| 490 | 1 | _aT.C. | |
| 490 | 1 | _aAnadolu Üniversitesi. | |
| 490 | 1 |
_aEğitim, Sağlık ve Bilimsel Araştırma Çalışmaları Vakfı yayınları ; _vno. |
|
| 490 | 1 | _a92. | |
| 500 | _aKaynakça var. | ||
| 650 | 0 |
_aCommunication models. _97913 |
|
| 650 | 0 |
_aİletişim modelleri. _97914 |
|
| 830 | 1 |
_aT.C. _96297 |
|
| 830 | 1 |
_aAnadolu Üniversitesi. _97616 |
|
| 830 | 1 |
_aEğitim, Sağlık ve Bilimsel Araştırma Çalışmaları Vakfı yayınları ; _vno. _97617 |
|
| 830 | 1 |
_a92. _97915 |
|
| 942 |
_2lcc _cBK |
||
| 999 |
_c3091 _d3091 |
||